Agricultural System Models In Field Research And Technology Transfer. Chapter 2 : (Record no. 925)
[ view plain ]
| 000 -LEADER | |
|---|---|
| fixed length control field | 01388nam a22003497a 4500 |
| 001 - CONTROL NUMBER | |
| control field | 03589 |
| 003 - CONTROL NUMBER IDENTIFIER | |
| control field | HDC |
| 007 - PHYSICAL DESCRIPTION FIXED FIELD--GENERAL INFORMATION | |
| fixed length control field | cr bn ---aaaaa |
| 008 - FIXED-LENGTH DATA ELEMENTS--GENERAL INFORMATION | |
| fixed length control field | 210111t2016 flu||||| |||| 00| 0 eng |
| 020 ## - INTERNATIONAL STANDARD BOOK NUMBER | |
| International Standard Book Number | 1-56670-563-0 |
| 040 ## - CATALOGING SOURCE | |
| Original cataloging agency | HDC |
| 100 ## - MAIN ENTRY--PERSONAL NAME | |
| Personal name | Donnelly, John R. |
| Relator term | author |
| 9 (RLIN) | 19260 |
| 245 #0 - TITLE STATEMENT | |
| Title | Agricultural System Models In Field Research And Technology Transfer. Chapter 2 : |
| Remainder of title | Forage-Livestock Models for the Australian Livestock Industry / by |
| Statement of responsibility, etc. | John R. Donnelly, Richard J. Simpson, Libby Salmon, Andrew D. Moore, Michael Freer and Hugh Dove |
| 260 ## - PUBLICATION, DISTRIBUTION, ETC. | |
| Place of publication, distribution, etc. | Boca Raton, Florida: |
| Name of publisher, distributor, etc. | CRC Press, |
| Date of publication, distribution, etc. | 2016 |
| 300 ## - PHYSICAL DESCRIPTION | |
| Extent | 24 pages |
| 336 ## - CONTENT TYPE | |
| Content type term | text |
| Source | rdacontent |
| 337 ## - MEDIA TYPE | |
| Media type term | computer |
| Source | rdamedia |
| 338 ## - CARRIER TYPE | |
| Carrier type term | online resource |
| Source | rdacarrier |
| 500 ## - GENERAL NOTE | |
| General note | Includes bibliographical references |
| 650 ## - SUBJECT ADDED ENTRY--TOPICAL TERM | |
| Topical term or geographic name entry element | Agricultural System |
| 9 (RLIN) | 3107 |
| 650 ## - SUBJECT ADDED ENTRY--TOPICAL TERM | |
| Topical term or geographic name entry element | Forage-Livestock Models |
| 9 (RLIN) | 3117 |
| 650 ## - SUBJECT ADDED ENTRY--TOPICAL TERM | |
| Topical term or geographic name entry element | Livestock Industry |
| Geographic subdivision | Australia |
| 9 (RLIN) | 3116 |
| 700 ## - ADDED ENTRY--PERSONAL NAME | |
| Personal name | Dove, Hugh |
| Relator term | author |
| 9 (RLIN) | 3122 |
| 700 ## - ADDED ENTRY--PERSONAL NAME | |
| Personal name | Freer, Michael |
| Relator term | author |
| 9 (RLIN) | 3121 |
| 700 ## - ADDED ENTRY--PERSONAL NAME | |
| Personal name | Moore, Andrew D. |
| Relator term | author |
| 9 (RLIN) | 3120 |
| 700 ## - ADDED ENTRY--PERSONAL NAME | |
| Personal name | Salmon, Libby |
| Relator term | author |
| 9 (RLIN) | 3119 |
| 700 ## - ADDED ENTRY--PERSONAL NAME | |
| Personal name | Simpson, Richard J. |
| Relator term | author |
| 9 (RLIN) | 3118 |
| 856 ## - ELECTRONIC LOCATION AND ACCESS | |
| Public note | Request full-text at [email protected] |
| 942 ## - ADDED ENTRY ELEMENTS (KOHA) | |
| Source of classification or shelving scheme | Library of Congress Classification |
| 942 ## - ADDED ENTRY ELEMENTS (KOHA) | |
| Koha item type | Chapter in Books |
| 942 ## - ADDED ENTRY ELEMENTS (KOHA) | |
| Call number prefix | EBCH 001621 |
| Withdrawn status | Lost status | Source of classification or shelving scheme | Damaged status | Not for loan | Home library | Current library | Shelving location | Date acquired | Total checkouts | Full call number | Date last seen | Price effective from | Koha item type |
|---|---|---|---|---|---|---|---|---|---|---|---|---|---|
| Library of Congress Classification | Halal Development Corporation Library | Halal Development Corporation Library | Open Shelves | 24/05/2023 | EBCH 001621 | 24/05/2023 | 24/05/2023 | Chapter in Books |
